Bytový dom

Enregistré dans:
Détails bibliographiques
Auteur principal: Taraba, Pavol (Auteur)
Autres auteurs: Hanuliak, Peter (Directeur de thèse)
Format: Manuscrit Livre
Langue:slovaque
Publié: 2024
Sujets:
Accès en ligne:http://is.stuba.sk/zp/portal_zp.pl?podrobnosti=181665
https://opac.crzp.sk/?fn=detailBiblioForm&sid=F0082B7A009D1614B1C71DB883AC
Tags: Ajouter un tag
Pas de tags, Soyez le premier à ajouter un tag!

MARC

LEADER 00000ntm a22000003a 4500
001 stuzp98624
003 SK-STU
005 20240917094516.3
007 ta
008 150427s2015----xo-----f-mn---000-0-slo-d
040 |a STU  |b slo 
041 0 |a slo 
100 1 |a Taraba, Pavol  |u 010180  |4 aut  |U SvF Stavebná fakulta  |T SvF Katedra konštrukcií pozemných stavieb  |X 111903  |U V180  |Y 18  |7 111903 
242 0 1 |a Residential building project  |y eng 
245 1 0 |a Bytový dom 
260 |c 2024 
650 4 |a Bytový dom  |2 slo 
650 4 |a Bytový dom s polyfunkciou  |2 slo 
650 4 |a mesto Piešťany  |2 slo 
650 4 |a dokumentácia pre realizačný projekt  |2 slo 
650 4 |a Residential building  |2 eng 
650 4 |a Mixed use building  |2 eng 
650 4 |a Piešťany city  |2 eng 
650 4 |a documentation for the realization project  |2 eng 
700 1 |a Hanuliak, Peter  |u 010180  |k Z1  |4 ths  |U SvF Stavebná fakulta  |T SvF Katedra konštrukcií pozemných stavieb  |X 11280  |U V180  |Y 18  |7 A000011280 
856 4 |u http://is.stuba.sk/zp/portal_zp.pl?podrobnosti=181665 
856 4 |u https://opac.crzp.sk/?fn=detailBiblioForm&sid=F0082B7A009D1614B1C71DB883AC